[Event "European Youth Chess Championship B16"]
[Site "Prague, Top Hotel Prague"]
[Date "2016.08.22"]
[Round "5.51"]
[White "Aubrecht, Petr"]
[Black "Bauer, Miroslav"]
[Result "1-0"]
[WhiteElo "1959"]
[BlackElo "1327"]
[PlyCount "29"]
[EventDate "2016.08.18"]

1. b3 e5 2. Bb2 Nc6 3. e3 d5 4. Bb5 Bd6 5. f4 Qe7 6. Nf3 Bg4 7. h3 Bxf3 8. Qxf3
Nf6 9. O-O exf4 10. exf4 O-O 11. Nc3 Nd4 12. Qg3 Bc5 13. Kh2 Nxc2 14. Nxd5 Qd8
15. Bxf6 1-0

[Event "European Youth Chess Championship B16"]
[Site "Prague, Top Hotel Prague"]
[Date "2016.08.22"]
[Round "5.52"]
[White "Hakobyan, Hakob V"]
[Black "Czupor, Attila"]
[Result "1-0"]
[WhiteElo "1792"]
[BlackElo "2303"]
[PlyCount "103"]
[EventDate "2016.08.18"]

1. Nf3 d5 2. g3 Nf6 3. Bg2 c6 4. c4 e6 5. d4 Bd6 6. O-O Nbd7 7. Nc3 O-O 8. Nd2
h6 9. e4 dxe4 10. Ndxe4 Bc7 11. b3 Nxe4 12. Nxe4 f5 13. Nc3 e5 14. d5 e4 15. f3
Be5 16. Bb2 Qf6 17. Qc2 exf3 18. Rxf3 Nb6 19. Re1 Bd4+ 20. Kh1 Bd7 21. c5 Nxd5
22. Nxd5 cxd5 23. Bxd4 Qxd4 24. Rf4 Qf6 25. Bxd5+ Kh8 26. Bxb7 Bc6+ 27. Bxc6
Qxc6+ 28. Kg1 Qf6 29. c6 Rac8 30. Rc4 Rc7 31. b4 Rb8 32. a4 a6 33. Rf1 g6 34.
Rd1 Rb6 35. Rc1 Kh7 36. Qf2 Rb8 37. Qc5 Re8 38. b5 axb5 39. axb5 Re5 40. Qb4
Re2 41. b6 Qe6 42. Qc5 Re1+ 43. Kg2 Re2+ 44. Kf1 Re7 45. R4c2 Re1+ 46. Kf2 Qe4
47. Qxe7+ Qxe7 48. Rxe1 Qb4 49. c7 Qd4+ 50. Re3 f4 51. c8=Q fxe3+ 52. Kg2 1-0

[Event "European Youth Chess Championship B16"]
[Site "Prague, Top Hotel Prague"]
[Date "2016.08.22"]
[Round "5.53"]
[White "Pobor, Danilo"]
[Black "Kadianis, Georgios"]
[Result "1/2-1/2"]
[WhiteElo "1783"]
[BlackElo "2169"]
[PlyCount "65"]
[EventDate "2016.08.18"]

1. d4 d5 2. Nf3 Nf6 3. c4 dxc4 4. e3 e6 5. Bxc4 a6 6. a4 c5 7. O-O Nc6 8. Nc3
cxd4 9. exd4 Be7 10. Be3 O-O 11. Qe2 b6 12. Rfd1 Nb4 13. Ne5 Bb7 14. h3 Nbd5
15. Bc1 Qc7 16. Rd3 Bd6 17. Rg3 Nxc3 18. Rxc3 Ne4 19. Rc2 Qe7 20. Bd3 Bxe5 21.
dxe5 Nc5 22. Be3 Nxd3 23. Qxd3 Qb4 24. Rc4 Qa5 25. Rh4 g6 26. Qd4 Rad8 27. Qf4
f5 28. Rxh7 Kxh7 29. Qh6+ Kg8 30. Qxg6+ Kh8 31. Qh6+ Kg8 32. Qg6+ Kh8 33. Qh6+
1/2-1/2

[Event "European Youth Chess Championship B16"]
[Site "Prague, Top Hotel Prague"]
[Date "2016.08.22"]
[Round "5.54"]
[White "D`Avino, Gianfranco"]
[Black "Dabos, Doukas Ioannis"]
[Result "1-0"]
[WhiteElo "2119"]
[BlackElo "1815"]
[PlyCount "65"]
[EventDate "2016.08.18"]

1. d4 d5 2. c4 e6 3. Nc3 Nf6 4. cxd5 exd5 5. Bg5 c6 6. Qc2 h6 7. Bh4 g6 8. e3
Bf5 9. Bd3 Bxd3 10. Qxd3 Nbd7 11. Nf3 Bg7 12. O-O O-O 13. b4 Qe7 14. b5 g5 15.
bxc6 bxc6 16. Bg3 Ne4 17. Rab1 Nb6 18. Rfc1 h5 19. h3 h4 20. Be5 f6 21. Bh2 f5
22. Ne5 Bxe5 23. Bxe5 Nc4 24. Qe2 Qf7 25. Nxe4 fxe4 26. Qg4 Qf5 27. Qh5 Nxe5
28. dxe5 Rf7 29. Rxc6 Qxe5 30. Rg6+ Kf8 31. Qh6+ Rg7 32. Qh8+ Kf7 33. Rxg7+ 1-0

[Event "European Youth Chess Championship B16"]
[Site "Prague, Top Hotel Prague"]
[Date "2016.08.22"]
[Round "5.55"]
[White "Havelka, Jonas"]
[Black "Vystrcil, Martin"]
[Result "0-1"]
[WhiteElo "1624"]
[BlackElo "2029"]
[PlyCount "70"]
[EventDate "2016.08.18"]

1. e4 Nf6 2. e5 Nd5 3. d4 d6 4. Nf3 g6 5. c4 Nb6 6. exd6 cxd6 7. Nc3 Bg7 8. Be3
O-O 9. Bd3 Bg4 10. O-O Nc6 11. c5 Nc8 12. h3 Bxf3 13. Qxf3 dxc5 14. d5 Ne5 15.
Qe2 b6 16. Bb5 Nd6 17. Bf4 Nxb5 18. Nxb5 a6 19. Bxe5 Bxe5 20. Qxe5 axb5 21. b4
Qd6 22. Qxd6 exd6 23. bxc5 bxc5 24. Rfb1 Ra5 25. f4 Rfa8 26. Rb2 b4 27. Kf2 Ra3
28. Ke2 b3 29. Kd1 Rxa2 30. Rbxa2 bxa2 31. Kc2 Kg7 32. Kd3 Kf6 33. Kc4 Kf5 34.
g3 Ke4 35. h4 Ra5 0-1

[Event "European Youth Chess Championship B16"]
[Site "Prague, Top Hotel Prague"]
[Date "2016.08.22"]
[Round "5.56"]
[White "Horvath, Tomas"]
[Black "Hung, Do"]
[Result "1/2-1/2"]
[WhiteElo "2014"]
[BlackElo "1766"]
[PlyCount "86"]
[EventDate "2016.08.18"]

1. e4 e5 2. f4 Bc5 3. Nf3 d6 4. Bc4 Nf6 5. Nc3 Bg4 6. fxe5 Bxf3 7. Qxf3 dxe5 8.
Nd5 Nbd7 9. b4 Bb6 10. Bb2 O-O 11. Nxb6 Nxb6 12. Bb3 Qd6 13. O-O c5 14. bxc5
Qxc5+ 15. d4 exd4 16. Ba3 Qe5 17. Bxf8 Rxf8 18. Rae1 a5 19. Qf5 Qxf5 20. Rxf5
a4 21. Bd5 Rc8 22. Re2 Nbxd5 23. exd5 Rc5 24. Rfe5 h6 25. Rd2 d3 26. Rxd3 Rxc2
27. Re1 Rxa2 28. d6 b5 29. d7 Nxd7 30. Rxd7 b4 31. Rb1 b3 32. Rb7 Rc2 33. Rb4
Ra2 34. h3 f6 35. Kh2 Kf7 36. Kg3 Ke6 37. Kf4 Kd5 38. g4 Kc5 39. R4xb3 axb3 40.
Rxb3 Rf2+ 41. Kg3 Ra2 42. Rb7 g5 43. Rh7 Ra3+ 1/2-1/2

[Event "European Youth Chess Championship B16"]
[Site "Prague, Top Hotel Prague"]
[Date "2016.08.22"]
[Round "5.57"]
[White "Chajda, Patrik"]
[Black "Chwistek, Karel"]
[Result "1/2-1/2"]
[WhiteElo "1669"]
[BlackElo "1961"]
[PlyCount "78"]
[EventDate "2016.08.18"]

1. d4 Nf6 2. Bg5 g6 3. Bxf6 exf6 4. e3 Bg7 5. g3 O-O 6. Bg2 d5 7. c4 dxc4 8.
Nc3 c6 9. Nge2 Nd7 10. O-O f5 11. Rb1 Nb6 12. a4 Be6 13. Nf4 Bd5 14. Nfxd5 Nxd5
15. Nxd5 cxd5 16. Qf3 Rc8 17. Qxd5 Rc7 18. Rfc1 Qxd5 19. Bxd5 Rfc8 20. Rc3 a6
21. b3 b5 22. axb5 axb5 23. bxc4 bxc4 24. Rbc1 Bf8 25. Rxc4 Rxc4 26. Rxc4 Rxc4
27. Bxc4 Bd6 28. Kg2 Kg7 29. h3 h5 30. Kf3 Kf6 31. g4 fxg4+ 32. hxg4 hxg4+ 33.
Kxg4 Ke7 34. f4 f6 35. e4 Bb4 36. e5 Bc3 37. exf6+ Kxf6 38. d5 Bb4 39. Kf3 Bd6
1/2-1/2

[Event "European Youth Chess Championship B16"]
[Site "Prague, Top Hotel Prague"]
[Date "2016.08.22"]
[Round "5.58"]
[White "Pavelka, Hubert Jan"]
[Black "Pasha, Tariq"]
[Result "1-0"]
[WhiteElo "1934"]
[BlackElo "1756"]
[PlyCount "181"]
[EventDate "2016.08.18"]

1. d4 d5 2. c4 c6 3. Nf3 Nf6 4. Nc3 e6 5. cxd5 exd5 6. Bg5 Be7 7. e3 Bf5 8. Be2
O-O 9. Nh4 Be6 10. Qc2 Ne4 11. Bxe7 Qxe7 12. Nf3 Bf5 13. Bd3 Re8 14. O-O Nd7
15. Rfe1 Bg6 16. a3 Rac8 17. b4 Qf6 18. Rac1 Nxc3 19. Bxg6 hxg6 20. Qxc3 g5 21.
Nd2 Qf5 22. Qc2 Qf6 23. Qd3 Nf8 24. b5 Ng6 25. bxc6 Rxc6 26. Qb5 Rec8 27. Rxc6
Qxc6 28. Qxc6 Rxc6 29. Kf1 Rc3 30. Ra1 b5 31. Ke2 a5 32. Kd1 Nh4 33. g3 Nf5 34.
Nb1 Rc6 35. Kd2 Nd6 36. Nc3 Ne4+ 37. Nxe4 dxe4 38. Rb1 Rf6 39. Ke2 Rb6 40. f3
f5 41. fxe4 fxe4 42. Kd2 Kf7 43. Rc1 Kf6 44. g4 b4 45. axb4 Rxb4 46. Kc3 Rb6
47. Ra1 Rc6+ 48. Kb3 Rb6+ 49. Kc4 Rb2 50. Kd5 Rb5+ 51. Kxe4 Ke6 52. h3 Kd6 53.
Ra3 Ke6 54. Kd3 Kd5 55. e4+ Kd6 56. Kc4 Rb4+ 57. Kc3 Rb5 58. Ra4 Kd7 59. Kc4
Kc6 60. e5 Rd5 61. e6 Rb5 62. e7 Rb8 63. Rxa5 Re8 64. Re5 Kd6 65. Kd3 Rxe7 66.
Rxe7 Kxe7 67. Ke4 Ke6 68. d5+ Kf6 69. Kd4 g6 70. Ke4 Kf7 71. Ke5 Ke7 72. d6+
Kd7 73. Kf6 Kxd6 74. Kxg5 Ke7 75. Kxg6 Kf8 76. Kh7 Kf7 77. g5 Kf8 78. g6 Ke7
79. g7 Kd6 80. g8=Q Kc5 81. Qd8 Kb4 82. Qc7 Kb5 83. Kg6 Kb4 84. Kf5 Kb5 85. Ke5
Kb4 86. Kd5 Kb3 87. Qc4+ Kb2 88. Kd4 Ka1 89. Qe2 Kb1 90. Kc3 Ka1 91. Qb2# 1-0

[Event "European Youth Chess Championship B16"]
[Site "Prague, Top Hotel Prague"]
[Date "2016.08.22"]
[Round "5.59"]
[White "Kuchar, Matej"]
[Black "Rolinek, Dominik"]
[Result "1-0"]
[WhiteElo "1873"]
[BlackElo "1753"]
[PlyCount "75"]
[EventDate "2016.08.18"]

1. e4 d5 2. exd5 Nf6 3. Bb5+ Bd7 4. Be2 Bf5 5. d4 Nxd5 6. Nf3 e6 7. O-O Be7 8.
a3 O-O 9. c4 Nf6 10. Nc3 c6 11. Be3 Nbd7 12. Nh4 Nb6 13. Nxf5 exf5 14. Qc2 g6
15. h3 Re8 16. Rfd1 Qc7 17. Qc1 Bf8 18. Bf4 Qc8 19. Bf1 Qe6 20. b3 Rad8 21. Ra2
Qc8 22. Bg5 Bg7 23. Rc2 Rd7 24. Rcd2 Ne4 25. Nxe4 Rxe4 26. d5 cxd5 27. c5 Rc7
28. Rc2 d4 29. Bf4 Be5 30. Bxe5 Rxe5 31. b4 Nd7 32. Rxd4 b6 33. c6 Nb8 34. b5
a6 35. a4 axb5 36. axb5 Re4 37. Rxe4 fxe4 38. Qe3 1-0

[Event "European Youth Chess Championship B16"]
[Site "Prague, Top Hotel Prague"]
[Date "2016.08.22"]
[Round "5.60"]
[White "Brejnik, Gustav"]
[Black "Mouthuy, Jacky-Long"]
[Result "1-0"]
[WhiteElo "1868"]
[BlackElo "1564"]
[PlyCount "129"]
[EventDate "2016.08.18"]

1. d4 Nf6 2. c4 e6 3. Nc3 Bb4 4. Qc2 O-O 5. a3 Bxc3+ 6. Qxc3 d5 7. Bg5 dxc4 8.
Qxc4 Nc6 9. e3 h6 10. Bh4 e5 11. dxe5 Nxe5 12. Qf4 Ned7 13. Nf3 c6 14. Bc4 Qb6
15. b4 Re8 16. Nd2 c5 17. O-O cxb4 18. axb4 g5 19. Bxg5 hxg5 20. Qxg5+ Kf8 21.
h4 Re5 22. Qh6+ Kg8 23. Qg6+ Kh8 24. Bxf7 Rh5 25. Ra5 Rxa5 26. bxa5 Qc6 27. Nc4
Nf8 28. Qg5 N8h7 29. Qf4 Be6 30. Ne5 Qc8 31. Qh6 Bxf7 32. Nxf7+ Kg8 33. Qg6+
Kf8 34. Rd1 Qc7 35. Ng5 Nxg5 36. hxg5 Ne8 37. Qf5+ Qf7 38. Qxf7+ Kxf7 39. Rd7+
Kg6 40. f4 b5 41. a6 b4 42. Rb7 Rc8 43. Rxb4 Rc6 44. Rb8 Nc7 45. Rb7 Nxa6 46.
Rxa7 Nb4 47. Kf2 Nd5 48. Ra5 Rc2+ 49. Kf3 Rd2 50. Ra6+ Kg7 51. Rd6 Kf7 52. g3
Ke7 53. Ra6 Rd1 54. e4 Rd3+ 55. Kg4 Ne3+ 56. Kh5 Ng2 57. Ra7+ Kf8 58. Ra8+ Kg7
59. f5 Rxg3 60. e5 Ne3 61. f6+ Kh7 62. g6+ Rxg6 63. Ra7+ Kh8 64. Kxg6 Ng4 65.
Ra8# 1-0

[Event "European Youth Chess Championship B16"]
[Site "Prague, Top Hotel Prague"]
[Date "2016.08.22"]
[Round "5.61"]
[White "Stastny, Petr"]
[Black "Mandic, Stefan"]
[Result "0-1"]
[WhiteElo "1476"]
[BlackElo "1868"]
[PlyCount "46"]
[EventDate "2016.08.18"]

1. e4 e5 2. Nf3 Nc6 3. d4 exd4 4. Nxd4 Bc5 5. Be3 Qf6 6. c3 Nge7 7. Bc4 Ne5 8.
Be2 d5 9. Nb5 Bxe3 10. fxe3 Qh4+ 11. Kf1 Qf6+ 12. Ke1 Qh4+ 13. Kf1 Kd8 14. exd5
Nf5 15. Kg1 Nxe3 16. Qd2 Qe4 17. Bd1 Nxd1 18. Qxd1 Qe3+ 19. Kf1 Bf5 20. Nd4
Bd3+ 21. Ne2 Ng4 22. Qe1 Re8 23. Qh4+ g5 0-1

[Event "European Youth Chess Championship B16"]
[Site "Prague, Top Hotel Prague"]
[Date "2016.08.22"]
[Round "5.62"]
[White "Fleri, Matthew"]
[Black "Bugar, Peter"]
[Result "0-1"]
[WhiteElo "1276"]
[BlackElo "1857"]
[PlyCount "100"]
[EventDate "2016.08.18"]

1. e4 e6 2. d4 d5 3. e5 c5 4. c3 Nc6 5. Nf3 Qb6 6. Qb3 Qxb3 7. axb3 cxd4 8.
cxd4 Bd7 9. Bd2 Rc8 10. Bd3 Nb4 11. Bxb4 Bxb4+ 12. Nbd2 a6 13. O-O Ne7 14. Rfc1
O-O 15. h3 Rc6 16. Rxc6 Nxc6 17. Nb1 Rc8 18. Nc3 h6 19. Na4 Na5 20. Nc5 Bxc5
21. Rxa5 Bb6 22. Ra1 f6 23. Kf1 Bb5 24. Bxb5 axb5 25. Ke1 fxe5 26. dxe5 Rc2 27.
Ra8+ Kh7 28. Rb8 Bxf2+ 29. Kf1 Bg3 30. Rxb7 Rf2+ 31. Kg1 Rxb2 32. Kf1 Rxb3 33.
Nd4 Rb1+ 34. Ke2 Rb2+ 35. Kf3 Bxe5 36. Nxe6 b4 37. Ra7 b3 38. Rb7 Rb1 39. Kg4
b2 40. Rb5 Re1 41. Nc7 b1=Q 42. Rxb1 Rxb1 43. Nxd5 Kg6 44. Ne7+ Kf6 45. Nd5+
Ke6 46. Ne3 Rb3 47. Nf1 g6 48. Nd2 Rg3+ 49. Kh4 Rxg2 50. Nc4 Bf6# 0-1

[Event "European Youth Chess Championship B16"]
[Site "Prague, Top Hotel Prague"]
[Date "2016.08.22"]
[Round "5.63"]
[White "Seibt, Sascha"]
[Black "Solc, Filip"]
[Result "1/2-1/2"]
[WhiteElo "1847"]
[BlackElo "1915"]
[PlyCount "121"]
[EventDate "2016.08.18"]

1. Nf3 Nf6 2. g3 g6 3. b3 Bg7 4. Bb2 O-O 5. Bg2 d5 6. c4 e6 7. O-O c5 8. e3 Nc6
9. cxd5 Nxd5 10. Bxg7 Kxg7 11. d4 cxd4 12. Nxd4 Qf6 13. Qf3 Nxd4 14. Qxf6+ Nxf6
15. exd4 Rd8 16. Rd1 Nd5 17. Rd2 Bd7 18. Na3 Rac8 19. Nc4 Bb5 20. Ne3 Bc6 21.
Nxd5 Bxd5 22. Rad1 Rc7 23. f4 Kf6 24. Bxd5 Rxd5 25. Kf2 a5 26. Ke3 Ke7 27. Ke4
Kd6 28. Ke3 Rc6 29. Ke2 Rh5 30. Kf3 Rc3+ 31. Kg2 Rb5 32. Rd3 Rxd3 33. Rxd3 Rb4
34. Kf3 a4 35. Ke4 axb3 36. axb3 f5+ 37. Ke3 Kd5 38. h3 h5 39. Rc3 Rxd4 40. Rc8
Rb4 41. Rd8+ Kc5 42. Rd3 Re4+ 43. Kf3 Re1 44. Kf2 Rb1 45. Re3 Rb2+ 46. Ke1 Kb4
47. Rxe6 Kxb3 48. Rxg6 b5 49. g4 hxg4 50. hxg4 fxg4 51. f5 Ra2 52. Rxg4 b4 53.
f6 Ra8 54. Kd2 Ka3 55. Kc1 Rd8 56. Rg1 Ka2 57. Rg2+ Ka3 58. Rg1 b3 59. Kb1 Rd2
60. Rf1 Rb2+ 61. Ka1 1/2-1/2

[Event "European Youth Chess Championship B16"]
[Site "Prague, Top Hotel Prague"]
[Date "2016.08.22"]
[Round "5.65"]
[White "Zizka, Petr"]
[Black "Temmerman, Sander"]
[Result "0-1"]
[WhiteElo "2010"]
[BlackElo "1659"]
[PlyCount "90"]
[EventDate "2016.08.18"]

1. b3 d5 2. Bb2 c5 3. e3 e6 4. f4 Nf6 5. Nf3 Nc6 6. Be2 g6 7. O-O Bg7 8. Ne5
O-O 9. Nxc6 bxc6 10. c4 Bb7 11. Qc2 Qb6 12. Nc3 Nd7 13. Rac1 Rfc8 14. Na4 Qc7
15. Ba3 Bf8 16. Rf3 Rab8 17. h4 Qa5 18. Qc3 Qxc3 19. Rxc3 Ba6 20. d3 d4 21. Rc1
dxe3 22. Rxe3 Re8 23. h5 Bh6 24. Rf1 e5 25. Nxc5 Nxc5 26. Bxc5 Bxf4 27. Rh3 Bc8
28. Rh1 Bf5 29. g4 Bd7 30. Bf3 g5 31. Rf2 a6 32. Kg2 Rbc8 33. Kh3 f5 34. Re1
Rcd8 35. Rfe2 fxg4+ 36. Bxg4 Bxg4+ 37. Kxg4 Rxd3 38. Bb6 Rf8 39. Bf2 h6 40. Rb1
Rd2 41. Rbe1 Rd3 42. Rh1 Kg7 43. Rhe1 Kf6 44. Rb1 Kg7 45. Rbe1 Bd2 0-1

[Event "European Youth Chess Championship B16"]
[Site "Prague, Top Hotel Prague"]
[Date "2016.08.24"]
[Round "6.1"]
[White "Fakhrutdinov, Timur"]
[Black "Sorokin, Aleksey"]
[Result "1/2-1/2"]
[WhiteElo "2375"]
[BlackElo "2425"]
[PlyCount "59"]
[EventDate "2016.08.18"]

1. e4 c5 2. Nf3 d6 3. d4 cxd4 4. Nxd4 Nf6 5. Nc3 a6 6. Be2 e5 7. Nb3 Be7 8. O-O
O-O 9. Be3 Qc7 10. a4 Be6 11. a5 Nbd7 12. Nd5 Bxd5 13. exd5 b5 14. axb6 Nxb6
15. c4 a5 16. Nxa5 Nbxd5 17. Bd2 Nf4 18. Bxf4 exf4 19. b4 d5 20. c5 Rfb8 21.
Qd4 Ne4 22. Qxd5 Nc3 23. Qc4 Nxe2+ 24. Qxe2 Rxb4 25. Nc6 Qxc6 26. Rxa8+ Qxa8
27. Qxe7 Rc4 28. Qc7 h6 29. Rd1 Rd4 30. Rc1 1/2-1/2

[Event "European Youth Chess Championship B16"]
[Site "Prague, Top Hotel Prague"]
[Date "2016.08.24"]
[Round "6.2"]
[White "Petrov, Martin"]
[Black "Radovanovic, Mihajlo"]
[Result "1-0"]
[WhiteElo "2446"]
[BlackElo "2374"]
[PlyCount "67"]
[EventDate "2016.08.18"]

1. e4 c5 2. Nf3 d6 3. d4 cxd4 4. Nxd4 Nf6 5. Nc3 a6 6. Be3 e5 7. Nb3 Be6 8. f3
h5 9. Nd5 Nxd5 10. exd5 Bf5 11. Qd2 Nd7 12. Be2 Be7 13. O-O Rc8 14. c4 O-O 15.
Na5 Qc7 16. b4 h4 17. Rac1 Rfe8 18. Rfd1 b6 19. Nc6 Bf6 20. g4 hxg3 21. hxg3
Nb8 22. b5 a5 23. Kg2 Be7 24. Rh1 f6 25. Bd3 Bxd3 26. Qxd3 Kf7 27. Qf5 Bf8 28.
Qh5+ g6 29. Qh7+ Bg7 30. Rh6 g5 31. Rch1 Rg8 32. Bxg5 Nd7 33. Qf5 Rce8 34. Rh7
1-0

[Event "European Youth Chess Championship B16"]
[Site "Prague, Top Hotel Prague"]
[Date "2016.08.24"]
[Round "6.3"]
[White "Tuncer, Tuna"]
[Black "Kevlishvili, Robby"]
[Result "1/2-1/2"]
[WhiteElo "2263"]
[BlackElo "2409"]
[PlyCount "64"]
[EventDate "2016.08.18"]

1. e4 c5 2. Nf3 d6 3. d4 cxd4 4. Nxd4 Nf6 5. Nc3 a6 6. Qf3 g6 7. h3 Bg7 8. Be3
O-O 9. O-O-O Nc6 10. g4 Bd7 11. Qg2 Rc8 12. f4 Nxd4 13. Bxd4 Qa5 14. Qg1 Rxc3
15. Bxc3 Qxa2 16. Bd3 Rc8 17. Qb6 Bc6 18. Rhe1 Nxe4 19. Bxe4 Bxe4 20. Rxe4 Qa1+
21. Kd2 Bxc3+ 22. Ke2 Qxb2 23. Qxb2 Bxb2 24. Rxe7 b6 25. Rb7 Ba3 26. Rxb6 Rxc2+
27. Rd2 Rc4 28. Rxa6 Bc5 29. Kf3 Rc3+ 30. Kg2 Rc4 31. Kf3 Rc3+ 32. Kg2 Rc4
1/2-1/2

[Event "European Youth Chess Championship B16"]
[Site "Prague, Top Hotel Prague"]
[Date "2016.08.24"]
[Round "6.4"]
[White "Hakobyan, Aram"]
[Black "Haug, Johannes"]
[Result "1-0"]
[WhiteElo "2404"]
[BlackElo "2305"]
[PlyCount "57"]
[EventDate "2016.08.18"]

1. d4 Nf6 2. Nf3 e6 3. e3 c5 4. Bd3 Nc6 5. O-O d5 6. Nbd2 Qc7 7. c3 Be7 8. dxc5
Bxc5 9. e4 O-O 10. Qe2 Bd6 11. Re1 Ng4 12. h3 Nge5 13. Bc2 Bd7 14. Nb3 dxe4 15.
Nxe5 Nxe5 16. Qxe4 Ng6 17. Nd4 f5 18. Qf3 e5 19. Nxf5 e4 20. Bxe4 Nh4 21. Bd5+
Kh8 22. Nxh4 Rxf3 23. Nxf3 Re8 24. Be3 h6 25. Bd4 Rxe1+ 26. Rxe1 Bc6 27. Bb3
Bxf3 28. Re8+ Kh7 29. Bc2+ 1-0

[Event "European Youth Chess Championship B16"]
[Site "Prague, Top Hotel Prague"]
[Date "2016.08.24"]
[Round "6.5"]
[White "Bronstein, Or"]
[Black "Macovei, Andrei"]
[Result "0-1"]
[WhiteElo "2284"]
[BlackElo "2382"]
[PlyCount "100"]
[EventDate "2016.08.18"]

1. e4 c6 2. d4 d5 3. Nc3 dxe4 4. Nxe4 Bf5 5. Ng3 Bg6 6. h4 h6 7. Nf3 e6 8. Ne5
Bh7 9. Bd3 Bxd3 10. Qxd3 Nf6 11. Bd2 Nbd7 12. f4 Be7 13. O-O-O O-O 14. Qe2 Qc7
15. Kb1 Rad8 16. Nf1 h5 17. Ng3 g6 18. c4 c5 19. Bc3 cxd4 20. Bxd4 Rfe8 21. Qc2
Nxe5 22. Bxe5 Qc6 23. Rhe1 Ng4 24. Rxd8 Rxd8 25. Ne4 Bxh4 26. g3 Be7 27. Qc3
Qd7 28. a3 f5 29. Ng5 Bxg5 30. fxg5 Qd3+ 31. Qxd3 Rxd3 32. Bb8 Kf7 33. b4 a6
34. Kb2 e5 35. a4 Ke6 36. b5 axb5 37. cxb5 e4 38. Ka2 e3 39. Ba7 h4 40. gxh4 f4
41. h5 gxh5 42. g6 Kf6 43. a5 Kxg6 44. Bb8 f3 45. a6 bxa6 46. bxa6 f2 47. Rb1
e2 48. a7 e1=Q 49. a8=Q Qxb1+ 50. Kxb1 f1=Q+ 0-1

[Event "European Youth Chess Championship B16"]
[Site "Prague, Top Hotel Prague"]
[Date "2016.08.24"]
[Round "6.6"]
[White "Risting, Eivind Olav"]
[Black "Giannoulakis, Lampros"]
[Result "1/2-1/2"]
[WhiteElo "2347"]
[BlackElo "2317"]
[PlyCount "40"]
[EventDate "2016.08.18"]

1. d4 Nf6 2. Bg5 e6 3. Nd2 c5 4. e3 cxd4 5. exd4 Be7 6. Ngf3 b6 7. Bd3 Ba6 8.
Bxa6 Nxa6 9. O-O O-O 10. Qe2 Nb8 11. c4 d6 12. Rfe1 Nbd7 13. h3 Re8 14. Rac1
Qc7 15. Bf4 Qb7 16. Bh2 Qa6 17. a3 Rab8 18. Nf1 b5 19. c5 Nd5 20. Ne3 N7f6
1/2-1/2

[Event "European Youth Chess Championship B16"]
[Site "Prague, Top Hotel Prague"]
[Date "2016.08.24"]
[Round "6.7"]
[White "Lobanov, Sergei"]
[Black "Drori, Saar"]
[Result "0-1"]
[WhiteElo "2450"]
[BlackElo "2290"]
[PlyCount "148"]
[EventDate "2016.08.18"]

1. e4 c5 2. Nf3 d6 3. d4 cxd4 4. Nxd4 Nf6 5. Nc3 a6 6. Be2 e5 7. Nb3 Be7 8. Be3
Be6 9. Nd5 Nbd7 10. Qd3 Rc8 11. c4 O-O 12. O-O Re8 13. Rac1 Bf8 14. f3 Nc5 15.
Nxc5 dxc5 16. Rfd1 Nxd5 17. cxd5 Bd7 18. b3 Bd6 19. Rc3 a5 20. Rdc1 b6 21. a4
Rb8 22. Qd1 Qe7 23. Qf1 Rf8 24. Bb5 Bc8 25. Qe2 f5 26. Bd3 f4 27. Bf2 Qe8 28.
Kf1 Bd7 29. Ke1 Rf6 30. Kd1 Rg6 31. Qf1 Qe7 32. R1c2 Rf8 33. Kc1 Qe8 34. Kb2
Rh6 35. Bg1 Rg6 36. Bc4 Kh8 37. Qe1 Rgf6 38. Bf2 Rh6 39. Bg1 Rhf6 40. Be2 Qf7
41. g4 fxg3 42. hxg3 Rh6 43. Be3 Rh2 44. Bd1 Rxc2+ 45. Rxc2 Rb8 46. Ka2 Kg8 47.
f4 exf4 48. gxf4 c4 49. bxc4 Bxa4 50. Rb2 Bxd1 51. Qxd1 Qc7 52. Qf1 Rf8 53.
Bxb6 Qd7 54. Qd1 Rxf4 55. Re2 Be5 56. d6 Qxd6 57. Qxd6 Bxd6 58. c5 Be5 59. c6
Rf1 60. c7 Rc1 61. Rd2 Bxc7 62. Bd4 Re1 63. Bc3 Re3 64. Bxg7 Kxg7 65. Rd7+ Kg6
66. Rxc7 Rxe4 67. Rc6+ Kf7 68. Kb3 a4+ 69. Kc3 h5 70. Kd3 Rg4 71. Ke3 h4 72.
Ra6 h3 73. Rh6 Rg3+ 74. Kf2 Rb3 0-1

[Event "European Youth Chess Championship B16"]
[Site "Prague, Top Hotel Prague"]
[Date "2016.08.24"]
[Round "6.8"]
[White "Ayats, Llobera Gerard"]
[Black "Costachi, Mihnea"]
[Result "0-1"]
[WhiteElo "2290"]
[BlackElo "2416"]
[PlyCount "84"]
[EventDate "2016.08.18"]

1. e4 e5 2. Nf3 Nc6 3. Bb5 a6 4. Ba4 Nf6 5. O-O Be7 6. d3 b5 7. Bb3 d6 8. a3
O-O 9. Nc3 Bg4 10. Be3 Kh8 11. h3 Be6 12. Bxe6 fxe6 13. Ne2 Nh5 14. d4 Qe8 15.
d5 Nd8 16. Nd2 Nf4 17. c4 bxc4 18. Nxc4 Qb5 19. Rc1 exd5 20. a4 Nxe2+ 21. Qxe2
Qxa4 22. exd5 Qb5 23. Rfd1 Nf7 24. Qd2 h6 25. Na3 Qd7 26. Qa5 Bd8 27. Rc6 Qf5
28. Qa4 Bg5 29. Nc4 Rac8 30. Rxa6 Rb8 31. Ra7 Nd8 32. Rd2 Nb7 33. Qc6 Qb1+ 34.
Kh2 Bxe3 35. Nxe3 Qe1 36. Qc2 Nc5 37. Rxc7 e4 38. Qc3 Rf6 39. Ng4 Rg6 40. Nxh6
Rb3 41. Nf7+ Kh7 42. Qd4 Rxh3+ 0-1

[Event "European Youth Chess Championship B16"]
[Site "Prague, Top Hotel Prague"]
[Date "2016.08.24"]
[Round "6.9"]
[White "Nikitenko, Mihail"]
[Black "Roshka, Yevgeniy"]
[Result "1-0"]
[WhiteElo "2394"]
[BlackElo "2285"]
[PlyCount "63"]
[EventDate "2016.08.18"]

1. e4 e6 2. d4 d5 3. Nd2 Nf6 4. e5 Nfd7 5. f4 c5 6. c3 Nc6 7. Ndf3 Qb6 8. g3
cxd4 9. cxd4 f6 10. Bd3 Be7 11. Kf1 O-O 12. Kg2 fxe5 13. fxe5 Kh8 14. Bc2 a6
15. Ne2 Rf7 16. b3 Nf8 17. h4 Bd7 18. Ng5 Bxg5 19. hxg5 g6 20. Ba3 Nxe5 21.
dxe5 Rf2+ 22. Kh3 Qe3 23. Rh2 Rf3 24. Qc1 Rc8 25. Qxe3 Rxe3 26. Rf1 Bb5 27.
Rxf8+ Rxf8 28. Bxf8 Bxe2 29. Rf2 h6 30. gxh6 d4 31. Bg7+ Kh7 32. Rf8 1-0

[Event "European Youth Chess Championship B16"]
[Site "Prague, Top Hotel Prague"]
[Date "2016.08.24"]
[Round "6.10"]
[White "Warmerdam, Max"]
[Black "Banzea, Alexandru-Bogdan"]
[Result "1-0"]
[WhiteElo "2372"]
[BlackElo "2287"]
[PlyCount "51"]
[EventDate "2016.08.18"]

1. e4 e6 2. d4 d5 3. Nc3 Nf6 4. e5 Nfd7 5. f4 c5 6. Nf3 Be7 7. Be3 b6 8. Qd2
O-O 9. h4 cxd4 10. Nxd4 Bxh4+ 11. Bf2 Bxf2+ 12. Qxf2 Nc5 13. O-O-O f5 14. Be2
g6 15. Rh6 a6 16. g4 fxg4 17. Rdh1 Ra7 18. Qh2 Qd7 19. Bxg4 Qf7 20. f5 exf5 21.
Bf3 Qg7 22. Nxd5 Be6 23. Nf6+ Rxf6 24. exf6 Qc7 25. Nxe6 Qxh2 26. R1xh2 1-0

[Event "European Youth Chess Championship B16"]
[Site "Prague, Top Hotel Prague"]
[Date "2016.08.24"]
[Round "6.11"]
[White "Plazuelo, Pascual Juan"]
[Black "Lopez, Mulet Inigo"]
[Result "1/2-1/2"]
[WhiteElo "2256"]
[BlackElo "2343"]
[PlyCount "77"]
[EventDate "2016.08.18"]

1. d4 Nf6 2. c4 Nc6 3. Nf3 e6 4. Nc3 Bb4 5. Qc2 d5 6. cxd5 Qxd5 7. Bd2 Bxc3 8.
Bxc3 b6 9. Nd2 Bb7 10. e3 O-O-O 11. Rg1 Rhe8 12. Be2 Kb8 13. h3 e5 14. Bf3 Qe6
15. Bxc6 Qxc6 16. dxe5 Rxe5 17. O-O-O Rg5 18. Nf3 Rxd1+ 19. Qxd1 Rd5 20. Qc2
Ne4 21. Nd4 Qe8 22. Nb3 a5 23. Nd4 Nxc3 24. bxc3 Rg5 25. g3 c5 26. Ne2 Ka7 27.
Nf4 Re5 28. Rd1 g5 29. Nd3 Be4 30. Qb3 Rd5 31. Nb2 Qe6 32. Rxd5 Bxd5 33. c4 Be4
34. Na4 Bb7 35. Nc3 Qxh3 36. Nb5+ Ka6 37. Nc7+ Ka7 38. Nb5+ Ka8 39. Qd3 1/2-1/2